000 01467njm a22003137a 4500
005 2010091801431.0
007 sd ammalaaahaa
008 100904t xxu||||| |||| 00| 0 hin d
028 _aPEALP.2073
_bHis Master's Voice
028 _a2XJW. 5929
_bHis Master's Voice
028 _a2XJW. 5930
_bHis Master's Voice
035 _aGR-03388
040 _aSED/VEN
100 _91184
_aKapoor, Mahendra
245 _aNikaah (Part-1)
_bHindi Film /
_cby Mahendra Kapoor & Salma Agha; Music by Ravi; Lyric by Hasan Kamaal
_h[Sound Recording] :
246 _aनिकाह (महेन्द्र कपूर और सलमा आगा)
250 _aP-1981
260 _aDum Dum, India
_bHis Master's Voice
300 _a1 sound disc [Gramophone Recording] :
_banalog, 33 1/3 rpm ;
_c12 in. [LP]
_fGramophone Records
500 _aBrief Records
500 _aRecord Labels: His Master's Voice, Red
505 _aSong Side-1; दिल की ये आरज़ू थी (निकाह) (महेन्द्र कपूर और सलमा आगा), Song Side-2; दिल के अरमा आँसुओं मेँ बह गए (सलमा आगा) (भाग-2)
600 _920259
_aKapoor, Mahendra
610 _920322
650 _aClassical Music
_xExcerpts
_zIndia
_918309
700 _918319
_aSalma Agha
942 _2ddc
_cGR
999 _c46703
_d46703